People in Pictures with Narendra Modi - Statistics

General Stats
  • This quiz has been taken 129 times
  • The average score is 8 of 15
Answer Stats
Picture Answer % Correct
Donald Trump
98%
Barack Obama
94%
Vladimir Putin
93%
Xi Jinping
90%
Angela Merkel
86%
Shinzo Abe
72%
Jair Bolsonaro
56%
Heeraben Modi (His Mother)
38%
Kapil Dev
38%
Mukesh Ambani
38%
Cyril Ramaphosa
23%
Anandiben Patel
17%
Tony Abbott
17%
Jagdeep Dhankar
8%
Terri Sewell
1%
No matching quizzes found
Score Distribution
Percent of People with Each Score
Percentile by Number Answered
Your Score History
You have not taken this quiz